US Geography - Sudden Death - Statistics

General Stats
  • This quiz has been taken 665 times
    124 since last reset
  • The average score is 9 of 15
Answers on the Grid
Answers color-coded by a green-red scale on the quiz's grid according to % correct below.
Appalachian Mountains
Yucatan Peninsula
Andes Mountains
Baja California
New River Gorge
Strait of Gibraltar
Caspian Sea
Rocky Mountains
Easter Island
Cascade Mountains
Mount Saint Helens
Mauna Kea
Gates Of The Arctic National Park
Mount Kilimanjaro
K2 (Mountain)
Blue Ridge Mountains
Alps (Mountains)
Yellowstone National Park
Angel Falls
Great Bear Lake
Guam
Tornado Alley
Florida Keys
Devil's Tower National Monument
Grand Canyon
Uluru
Ural Mountains
Cuba
Death Valley National Park
River Severn
 
Answer Stats
Answer % Correct
Appalachian Mountains
88%
Grand Canyon
75%
Yellowstone National Park
75%
Rocky Mountains
73%
Death Valley National Park
72%
Florida Keys
65%
Tornado Alley
64%
Mount Saint Helens
63%
Blue Ridge Mountains
61%
Cascade Mountains
58%
Guam
52%
Gates Of The Arctic National Park
51%
Mauna Kea
51%
Devil's Tower National Monument
50%
New River Gorge
44%
No matching quizzes found
Score Distribution
Percent of People with Each Score
Percentile by Number Answered
Your Score History
You have not taken this quiz since the last reset